000
00461pam a2200121a 44500
008
230405s2010 xxu||||| |||| 00| 0 eng d
041
_a
MAR
100
_a
व्ही एन स्वामी सौ माधवी कवी
245
_a
तलाठी लिपिक
260
_a
_b
विदयाभारती प्रकाशन गीतांजली मार्केटजवळ मेन रोड
_c
2010
300
_a
350
906
_a
10508
999
_c
301007
_d
301007